[Event "20th EUR-ch"]
[Site "Skopje MKD"]
[Date "2019.03.27"]
[Round "9"]
[White "Petrovic, Lazar"]
[Black "Krstevski, Vladimir"]
[Result "1/2-1/2"]
[WhiteElo "1690"]
[BlackElo "1451"]
[EventDate "2019.03.18"]
[Board "177"]
[PlyCount "98"]

1.Nf3 d5 2.d4 e6 3.Bf4 Nf6 4.e3 Be7 5.h3 b6 6.c4 Bb7 7.Nc3 Nbd7 8.Be2 O-O 
9.O-O Rc8 10.Rc1 c5 11.Nb5 Ne8 12.Ne5 Nxe5 13.Bxe5 a6 14.Nc3 dxc4 15.dxc5 
Rxc5 16.Qxd8 Bxd8 17.Rfd1 Bf6 18.Bg3 Bxc3 19.Rxc3 b5 20.Rd7 Bc8 21.Rd8 Bb7
22.Rb8 Bd5 23.b4 Rc6 24.f3 f5 25.Bd1 Nd6 26.Rxf8+ Kxf8 27.Bc2 Ke7 28.Be5 
Kf7 29.Bb1 Rb6 30.Rc1 Ne8 31.Rd1 Nf6 32.Kf2 Rb7 33.g4 g6 34.g5 Ne8 35.e4 
fxe4 36.Bxe4 Bxe4 37.fxe4 Ke7 38.Bd4 Rc7 39.Bc5+ Kf7 40.Rd8 e5 41.Ke2 Rb7 
42.Ra8 Nc7 43.Rh8 Kg7 44.Rc8 Ne6 45.h4 Nf4+ 46.Kf3 Rf7 47.Rc6 Nd3+ 48.Ke3 
Rd7 49.Bd6 Ra7 1/2-1/2

[Event "20th EUR-ch"]
[Site "Skopje MKD"]
[Date "2019.03.28"]
[Round "10"]
[White "Grandelius, Nils"]
[Black "Anton Guijarro, David"]
[Result "1/2-1/2"]
[WhiteElo "2694"]
[BlackElo "2643"]
[EventDate "2019.03.18"]
[Board "2"]
[PlyCount "103"]

1.e4 e5 2.Nf3 Nc6 3.Bc4 Bc5 4.O-O Nf6 5.d3 d6 6.c3 a5 7.Re1 O-O 8.Nbd2 Be6
9.Bb5 Qb8 10.Nf1 Qa7 11.Be3 Bxe3 12.Nxe3 Ne7 13.a4 Ng6 14.Bc4 Bxc4 15.Nxc4
Rfe8 16.Qc2 Qa6 17.b3 Rad8 18.Rad1 c6 19.d4 exd4 20.Nxd4 d5 21.exd5 Nxd5 
22.Nf5 Rxe1+ 23.Rxe1 b5 24.Ncd6 bxa4 25.bxa4 Qb6 26.h4 h5 27.Ne8 Qc5 28.
Nexg7 Nf6 29.c4 Ne5 30.Rd1 Rxd1+ 31.Qxd1 Neg4 32.Qe2 Qe5 33.Qxe5 Nxe5 34.
f3 c5 35.Kf2 Nxc4 36.Ke2 Nb2 37.g4 hxg4 38.fxg4 Nxg4 39.Ne8 Nxa4 40.Ned6 
Ne5 41.Nb7 Kh7 42.h5 Nc3+ 43.Kd2 Ne4+ 44.Ke3 Nf6 45.Nxa5 Nxh5 46.Nb3 Kg6 
47.Nd6 c4 48.Nd2 c3 49.N2e4 c2 50.Kd2 f5 51.Nxf5 Kxf5 52.Nc3 1/2-1/2

[Event "20th EUR-ch"]
[Site "Skopje MKD"]
[Date "2019.03.28"]
[Round "10"]
[White "Oparin, Grigory"]
[Black "Rodshtein, Maxim"]
[Result "1/2-1/2"]
[WhiteElo "2613"]
[BlackElo "2673"]
[EventDate "2019.03.18"]
[Board "3"]
[PlyCount "20"]

1.Nf3 Nf6 2.g3 c5 3.Bg2 Nc6 4.d4 cxd4 5.Nxd4 e5 6.Nxc6 dxc6 7.Qxd8+ Kxd8 
8.Bg5 Be7 9.Nd2 Be6 10.e4 Nd7 1/2-1/2

[Event "20th EUR-ch"]
[Site "Skopje MKD"]
[Date "2019.03.28"]
[Round "10"]
[White "Cheparinov, Ivan"]
[Black "Piorun, Kacper"]
[Result "1/2-1/2"]
[WhiteElo "2683"]
[BlackElo "2631"]
[EventDate "2019.03.18"]
[Board "4"]
[PlyCount "138"]

1.d4 Nf6 2.c4 e6 3.Nf3 d5 4.g3 Be7 5.Bg2 O-O 6.O-O Nbd7 7.Qc2 c6 8.Nbd2 b6
9.e4 Bb7 10.e5 Ne8 11.cxd5 cxd5 12.Re1 Qc7 13.Qd1 a5 14.Nf1 Rc8 15.Ne3 Ba6
16.h4 h6 17.Bd2 Qd8 18.Bh3 Nb8 19.a3 Qd7 20.g4 Nc6 21.Ng2 Bd3 22.Bxh6 Bc2 
23.Qxc2 Nxd4 24.Qd3 Nxf3+ 25.Qxf3 gxh6 26.g5 hxg5 27.hxg5 Qa4 28.b3 Qd4 
29.Rad1 Qc3 30.Rd3 Qb2 31.Nf4 Rc1 32.Rxc1 Qxc1+ 33.Kg2 Bxg5 34.Nh5 Bh6 35.
Rd4 Kh8 36.Rg4 Qc2 37.Ng3 Qh7 38.Rh4 Rg8 39.Kh2 Rg6 40.Bf1 f5 41.Bd3 Qe7 
42.Rh3 Kg8 43.Qh5 Qg5 44.Qxg5 Bxg5 45.Ne2 Ng7 46.f4 Be7 47.a4 Kf7 48.Rg3 
Rh6+ 49.Rh3 Rxh3+ 50.Kxh3 Bc5 51.Kg3 Be3 52.Kf3 Bd2 53.Nd4 Nh5 54.Ne2 Ke7 
55.Bb5 d4 56.Nxd4 Nxf4 57.Nc6+ Kf8 58.Bc4 Ke8 59.Nd4 Kd7 60.Bb5+ Ke7 61.
Nc6+ Kf8 62.Bc4 Bc1 63.Nd4 Ke7 64.Ne2 Nxe2 65.Bxe2 Bb2 66.Kf4 Bd4 67.Bc4 
Bg1 68.Kg3 Bd4 69.Kf4 Bg1 1/2-1/2

[Event "20th EUR-ch"]
[Site "Skopje MKD"]
[Date "2019.03.28"]
[Round "10"]
[White "Korobov, Anton"]
[Black "Movsesian, Sergei"]
[Result "0-1"]
[WhiteElo "2686"]
[BlackElo "2627"]
[EventDate "2019.03.18"]
[Board "5"]
[PlyCount "80"]

1.d4 Nf6 2.c4 e6 3.Nf3 d5 4.Nc3 Bb4 5.Bg5 h6 6.Bxf6 Qxf6 7.Qa4+ Nc6 8.e3 
O-O 9.Rd1 Rd8 10.Bd3 dxc4 11.Bxc4 Bd7 12.Qc2 Na5 13.Bd3 c5 14.O-O cxd4 15.
Ne4 Qe7 16.a3 Rac8 17.Qe2 Bd6 18.b4 Nc6 19.exd4 Be8 20.Rfe1 Qc7 21.Nxd6 
Rxd6 22.Qe4 f5 23.Qf4 Bh5 24.Bc4 Kh8 25.d5 Bxf3 26.gxf3 Qd8 27.Rc1 e5 28.
Qxf5 Rf6 29.Qg4 Rf4 30.Qh3 Nd4 31.Bd3 Nxf3+ 32.Kh1 Rb8 33.Re2 Nxh2 34.Rec2
Ng4 35.Kg1 Qg5 36.Qg3 Rxf2 37.d6 Rd8 38.Rc8 Rff8 39.d7 h5 40.Be4 h4 0-1

[Event "20th EUR-ch"]
[Site "Skopje MKD"]
[Date "2019.03.28"]
[Round "10"]
[White "Bosiocic, Marin"]
[Black "Nisipeanu, Liviu-Dieter"]
[Result "0-1"]
[WhiteElo "2614"]
[BlackElo "2670"]
[EventDate "2019.03.18"]
[Board "6"]
[PlyCount "96"]

1.e4 e6 2.d4 d5 3.Nc3 Nf6 4.e5 Nfd7 5.f4 c5 6.Nf3 Nc6 7.Be3 cxd4 8.Nxd4 
Bc5 9.Qd2 a6 10.O-O-O Nxd4 11.Bxd4 Qc7 12.Qe3 b5 13.Bd3 b4 14.Ne2 a5 15.
Bb5 O-O 16.Bxd7 Bxd4 17.Nxd4 Bxd7 18.h4 a4 19.Kb1 f6 20.exf6 Rxf6 21.g3 
Rc8 22.Rhe1 Be8 23.Qe5 Bg6 24.Qxc7 Rxc7 25.Kc1 Be4 26.Re3 h6 27.a3 b3 28.
c3 g5 29.hxg5 hxg5 30.fxg5 Rf2 31.Rd2 Rf1+ 32.Rd1 Rxd1+ 33.Kxd1 e5 34.Nf3 
Bxf3+ 35.Rxf3 Rh7 36.Rf2 Rh3 37.Re2 e4 38.c4 Rh1+ 39.Kd2 Rb1 40.Ke3 dxc4 
41.Kd4 Rc1 42.Ke5 Kg7 43.Kf5 e3 44.Kf4 c3 45.bxc3 Rxc3 46.g4 Rc7 47.Kf3 
Rf7+ 48.Kg3 Rb7 0-1

[Event "20th EUR-ch"]
[Site "Skopje MKD"]
[Date "2019.03.28"]
[Round "10"]
[White "Ponomariov, Ruslan"]
[Black "Lupulescu, Constantin"]
[Result "1/2-1/2"]
[WhiteElo "2667"]
[BlackElo "2611"]
[EventDate "2019.03.18"]
[Board "7"]
[PlyCount "37"]

1.e4 e6 2.d4 d5 3.Nc3 Nf6 4.e5 Nfd7 5.Nce2 c5 6.c3 Nc6 7.Nf3 Be7 8.a3 Rb8 
9.Nf4 b5 10.Be2 a5 11.h4 Qb6 12.Be3 b4 13.axb4 axb4 14.O-O bxc3 15.bxc3 
Qb3 16.Qxb3 Rxb3 17.c4 dxc4 18.Bxc4 Rb8 19.dxc5 1/2-1/2

[Event "20th EUR-ch"]
[Site "Skopje MKD"]
[Date "2019.03.28"]
[Round "10"]
[White "Berkes, Ferenc"]
[Black "Ter-Sahakian, Samvel"]
[Result "1-0"]
[WhiteElo "2666"]
[BlackElo "2590"]
[EventDate "2019.03.18"]
[Board "8"]
[PlyCount "117"]

1.d4 Nf6 2.Nf3 d5 3.g3 e6 4.Bg2 Be7 5.O-O O-O 6.c4 dxc4 7.Ne5 Qd6 8.Na3 
Qa6 9.Naxc4 Rd8 10.b3 c5 11.a4 Nbd7 12.Bd2 Nxe5 13.dxe5 Nd5 14.Qc1 Bd7 15.
Bg5 Bc6 16.Bxd5 Bxg5 17.Bxc6 Bxc1 18.Bb5 Bg5 19.Bxa6 bxa6 20.Rfd1 Be7 21.
Rac1 Kf8 22.f4 Rab8 23.Rxd8+ Rxd8 24.Kf2 Ke8 25.Kf3 Rd5 26.g4 h6 27.Rh1 
Kd7 28.h4 Ke8 29.h5 Rd7 30.Rc1 Rb7 31.Rc3 Kd7 32.Ke4 Rb4 33.Rd3+ Ke8 34.
Kf3 Rb8 35.e3 Rb4 36.Ke2 Rb8 37.Kd2 Rb7 38.Kc3 Rc7 39.Rd1 Kf8 40.Rd2 Kg8 
41.Nd6 Kf8 42.Rd3 Rc6 43.Ne4 Rc7 44.f5 exf5 45.gxf5 Ke8 46.f6 gxf6 47.exf6
Bd8 48.Kc4 Rc6 49.Nd6+ Kf8 50.Nxf7 Kxf7 51.Rxd8 Kxf6 52.Kd5 Rc7 53.e4 Rb7 
54.e5+ Ke7 55.Rh8 Rxb3 56.Rh7+ Ke8 57.Rxh6 a5 58.Rh8+ Ke7 59.Rh7+ 1-0

[Event "20th EUR-ch"]
[Site "Skopje MKD"]
[Date "2019.03.28"]
[Round "10"]
[White "Zviagintsev, Vadim"]
[Black "Christiansen, Johan-Sebastian"]
[Result "1/2-1/2"]
[WhiteElo "2642"]
[BlackElo "2539"]
[EventDate "2019.03.18"]
[Board "9"]
[PlyCount "55"]

1.Nf3 d5 2.g3 g6 3.Bg2 Bg7 4.d4 Nf6 5.O-O O-O 6.c3 b6 7.a4 Bb7 8.Bf4 c5 9.
Na3 Nc6 10.Ne5 Nh5 11.Nxc6 Bxc6 12.Be3 cxd4 13.cxd4 Qd7 14.Nb1 Nf6 15.Nc3 
Rfd8 16.Qd3 Qb7 17.Rfc1 Rac8 18.Bf4 Nh5 19.Bd2 Nf6 20.Bf4 Nh5 21.Bd2 Nf6 
22.h3 Qd7 23.Be3 h6 24.Bf4 Nh5 25.Bd2 Nf6 26.Bf4 Nh5 27.Bd2 Nf6 28.Bf4 
1/2-1/2

[Event "20th EUR-ch"]
[Site "Skopje MKD"]
[Date "2019.03.28"]
[Round "10"]
[White "Pantsulaia, Levan"]
[Black "Gledura, Benjamin"]
[Result "0-1"]
[WhiteElo "2611"]
[BlackElo "2630"]
[EventDate "2019.03.18"]
[Board "11"]
[PlyCount "144"]

1.c4 c5 2.Nf3 Nc6 3.Nc3 Nf6 4.g3 g6 5.Bg2 Bg7 6.O-O O-O 7.d4 cxd4 8.Nxd4 
Qa5 9.Nb3 Qh5 10.c5 d6 11.cxd6 Rd8 12.e4 Qxd1 13.Rxd1 Rxd6 14.Rxd6 exd6 
15.h3 a5 16.Na4 Be6 17.Be3 Nd7 18.Rd1 b5 19.Nc3 a4 20.Nd4 Bxd4 21.Bxd4 b4 
22.Nb5 Bxa2 23.Be3 Nde5 24.Rxd6 Bc4 25.Nd4 Rd8 26.Rxd8+ Nxd8 27.Bd2 a3 28.
bxa3 bxa3 29.f4 a2 30.Bc3 Nd3 31.Nc2 Nb7 32.Na3 Be6 33.f5 Bd7 34.Nc2 Nbc5 
35.fxg6 hxg6 36.Kh2 Nf2 37.Bd4 Nfxe4 38.Na1 f5 39.Bf3 Be6 40.Kg2 g5 41.Be3
Kg7 42.Bd4+ Kg6 43.Nc2 Nb3 44.Be5 Nbd2 45.Be2 Bd5 46.Kh2 Bc4 47.Bxc4 Nxc4 
48.Ba1 Ncd2 49.Kg2 f4 50.gxf4 gxf4 51.Nd4 Kh5 52.Bb2 Ng5 53.Kf2 f3 54.Nxf3
Ngxf3 55.Ke2 Nc4 56.Ba1 Nfd2 57.Kd3 Kh4 58.Kc2 Kxh3 59.Kc3 Kg4 60.Kc2 Kf3 
61.Bf6 Ke4 62.Bg7 Kd5 63.Bf6 Kc5 64.Be7+ Kb5 65.Bf6 Ka4 66.Bg7 Nb3 67.Bh8 
Nb6 68.Be5 Kb4 69.Kd3 Nc5+ 70.Kc2 Nba4 71.Bf6 Kc4 72.Bg7 Nb3 0-1

[Event "20th EUR-ch"]
[Site "Skopje MKD"]
[Date "2019.03.28"]
[Round "10"]
[White "Erdos, Viktor"]
[Black "Ragger, Markus"]
[Result "1/2-1/2"]
[WhiteElo "2612"]
[BlackElo "2696"]
[EventDate "2019.03.18"]
[Board "15"]
[PlyCount "47"]

1.d4 Nf6 2.c4 g6 3.Nc3 d5 4.Nf3 Bg7 5.h3 O-O 6.cxd5 Nxd5 7.e4 Nxc3 8.bxc3 
c5 9.Be2 Nc6 10.Be3 cxd4 11.cxd4 f5 12.Bc4+ Kh8 13.O-O f4 14.Bc1 Nxd4 15.
Ba3 Qa5 16.Bxe7 Re8 17.Nxd4 Rxe7 18.Rc1 Rxe4 19.Nb5 Be6 20.Bxe6 Qxb5 21.
Bc8 Rd4 22.Qg4 Qe8 23.Rfe1 Qf8 24.Bxb7 1/2-1/2

[Event "20th EUR-ch"]
[Site "Skopje MKD"]
[Date "2019.03.28"]
[Round "10"]
[White "Bindrich, Falko"]
[Black "Safarli, Eltaj"]
[Result "0-1"]
[WhiteElo "2610"]
[BlackElo "2662"]
[EventDate "2019.03.18"]
[Board "16"]
[PlyCount "80"]

1.Nf3 Nf6 2.c4 g6 3.Nc3 Bg7 4.e4 O-O 5.d4 c6 6.Be2 d5 7.e5 Ne8 8.h4 h5 9.
O-O Nc7 10.b3 Bg4 11.Be3 dxc4 12.bxc4 c5 13.dxc5 Nc6 14.Qb3 Qc8 15.Rab1 
Rb8 16.Rfe1 Re8 17.Nd5 Ne6 18.Qa3 Bxf3 19.Bxf3 Bxe5 20.Rbd1 Bg7 21.g3 Kh7 
22.Bg2 Ne5 23.Rc1 Ng4 24.Bh3 Nd4 25.Bf4 e5 26.Bg5 Qf5 27.Bxg4 hxg4 28.Kg2 
Nc2 29.Qxa7 Nxe1+ 30.Rxe1 Ra8 31.Qxb7 Reb8 32.Qe7 Rxa2 33.Be3 Rba8 34.c6 
Ra1 35.Qb4 R8a4 36.Qd2 Rxe1 37.Qxe1 Rxc4 38.Kh2 Qe6 39.Qa5 Rxc6 40.Qa8 
Qxd5 0-1

[Event "20th EUR-ch"]
[Site "Skopje MKD"]
[Date "2019.03.28"]
[Round "10"]
[White "Deac, Bogdan-Daniel"]
[Black "Edouard, Romain"]
[Result "0-1"]
[WhiteElo "2609"]
[BlackElo "2658"]
[EventDate "2019.03.18"]
[Board "17"]
[PlyCount "80"]

1.c4 e5 2.Nc3 Nf6 3.Nf3 Nc6 4.e3 Bb4 5.Qc2 Bxc3 6.Qxc3 Qe7 7.d4 e4 8.Nd2 
d5 9.a3 a5 10.Qc2 dxc4 11.Bxc4 O-O 12.b3 Bf5 13.Bb2 Bg6 14.Nb1 Rfe8 15.Qc1
Na7 16.a4 Nc6 17.Ba3 Nb4 18.Nc3 c5 19.dxc5 Rac8 20.O-O Rxc5 21.Ne2 Ng4 22.
Nf4 Ne5 23.Rd1 Rec8 24.Rd4 Qg5 25.Kf1 Ng4 26.h3 Nh2+ 27.Ke2 Nd3 28.Qg1 
Rxc4 29.bxc4 Nxf4+ 30.exf4 Qxf4 31.Qc1 Bh5+ 32.Ke1 Qf6 33.Bb2 Qg6 34.Qc3 
Qxg2 35.Rd5 Nf3+ 36.Ke2 Ne5+ 37.Ke3 Nxc4+ 38.Qxc4 Qf3+ 39.Kd4 Qxf2+ 40.Kc3
Qe3+ 0-1

[Event "20th EUR-ch"]
[Site "Skopje MKD"]
[Date "2019.03.28"]
[Round "10"]
[White "Gelfand, Boris"]
[Black "Moussard, Jules"]
[Result "1-0"]
[WhiteElo "2655"]
[BlackElo "2601"]
[EventDate "2019.03.18"]
[Board "18"]
[PlyCount "45"]

1.d4 d6 2.Nf3 g6 3.c4 f5 4.Nc3 Nf6 5.g3 Bg7 6.Bg2 O-O 7.O-O c6 8.b3 Qa5 9.
Bb2 e5 10.Qd2 Qc7 11.d5 e4 12.Ng5 Qe7 13.Rad1 Rd8 14.f3 e3 15.Qc1 Nxd5 16.
Nxd5 cxd5 17.f4 Rf8 18.Bxd5+ Kh8 19.Rf3 Bxb2 20.Qxb2+ Qg7 21.Qxg7+ Kxg7 
22.Rxe3 h6 23.Ne6+ 1-0

[Event "20th EUR-ch"]
[Site "Skopje MKD"]
[Date "2019.03.28"]
[Round "10"]
[White "Huschenbeth, Niclas"]
[Black "Alexeenko, Kirill"]
[Result "1-0"]
[WhiteElo "2594"]
[BlackElo "2644"]
[EventDate "2019.03.18"]
[Board "19"]
[PlyCount "91"]

1.e4 e5 2.Nf3 Nc6 3.Bb5 a6 4.Ba4 Nf6 5.O-O Be7 6.Re1 b5 7.Bb3 d6 8.a4 b4 
9.a5 O-O 10.d3 Be6 11.Bxe6 fxe6 12.Nbd2 Rb8 13.c3 Qe8 14.d4 bxc3 15.bxc3 
exd4 16.cxd4 Rb5 17.Ba3 Qd7 18.Qc2 Rfb8 19.Rec1 Nxa5 20.Qxc7 Qxc7 21.Rxc7 
Bf8 22.h3 Nb3 23.Nxb3 Rxb3 24.Ng5 Re8 25.e5 Nd5 26.Ra7 Nb4 27.Bxb4 Rxb4 
28.R7xa6 h6 29.Nf3 dxe5 30.dxe5 Bc5 31.Rc6 Bb6 32.Ra2 Kf7 33.Nd2 Re7 34.
Rac2 Rd7 35.Nc4 Rd1+ 36.Kh2 Bd4 37.Re2 Ke7 38.Rc2 Kf7 39.g3 Re1 40.Rd2 
Bxe5 41.Rd7+ Kg8 42.Nxe5 Rxe5 43.Rcc7 Rg5 44.h4 Rg6 45.Rc8+ Kh7 46.Rdd8 
1-0

[Event "20th EUR-ch"]
[Site "Skopje MKD"]
[Date "2019.03.28"]
[Round "10"]
[White "Kuzubov, Yuriy"]
[Black "Bartel, Mateusz"]
[Result "1/2-1/2"]
[WhiteElo "2644"]
[BlackElo "2600"]
[EventDate "2019.03.18"]
[Board "20"]
[PlyCount "187"]

1.c4 c6 2.Nf3 d5 3.e3 Bf5 4.cxd5 cxd5 5.Qb3 Qc7 6.Nc3 e6 7.Nb5 Qb6 8.Qa4 
Nd7 9.Qd4 Kd8 10.Qxb6+ Nxb6 11.Ne5 Nh6 12.Nd4 Bg6 13.Nxg6 hxg6 14.b3 Be7 
15.Nf3 Rc8 16.Rg1 f5 17.h3 Bf6 18.d4 Nf7 19.g4 g5 20.Ba3 g6 21.Rc1 Rxc1+ 
22.Bxc1 Nc8 23.Bb2 Ne7 24.Kd1 a6 25.Ne1 Kd7 26.Nd3 b6 27.Bg2 Nc8 28.Ke2 
Ncd6 29.Rc1 a5 30.f3 Nd8 31.f4 Nc6 32.Rg1 Ne4 33.fxg5 Bxg5 34.gxf5 Ng3+ 
35.Kf2 Nxf5 36.Bc1 Rf8 37.Ke2 Ng3+ 38.Kd1 Bh4 39.Bd2 g5 40.Be1 Nf5 41.Bd2 
Ng3 42.Be1 Nf5 43.Bd2 b5 44.Rf1 Kd6 45.a3 Ra8 46.Kc2 Rg8 47.Kb2 Rg7 48.Nc5
Rf7 49.e4 dxe4 50.Nxe4+ Kd7 51.Nc5+ Kd6 52.Bxc6 Kxc6 53.Nxe6 Kd5 54.Nxg5 
Bxg5 55.Bxg5 Kxd4 56.h4 Ke4 57.Re1+ Kd3 58.Rd1+ Ke4 59.Re1+ Kd5 60.Rh1 Ng3
61.Rd1+ Kc6 62.Rd4 Rf2+ 63.Rd2 Rf3 64.Rc2+ Kd5 65.Rh2 Ne4 66.Bd2 a4 67.
bxa4 bxa4 68.h5 Rb3+ 69.Ka2 Ke6 70.Bb4 Kf7 71.h6 Kg8 72.Re2 Nf6 73.Bd2 Rh3
74.Bg5 Nd5 75.Rg2 Kf7 76.Bd2 Nf6 77.Bc1 Ke6 78.Kb2 Ne4 79.Bf4 Nf6 80.Rh2 
Rb3+ 81.Ka2 Ne4 82.Rh1 Nc3+ 83.Ka1 Rxa3+ 84.Kb2 Rb3+ 85.Kc2 Nd5 86.h7 Rc3+
87.Kd1 Rc8 88.Rh6+ Kf7 89.Be5 Ne3+ 90.Ke1 Ng4 91.Rc6 Rxc6 92.h8=Q Nxe5 93.
Qh5+ Ke6 94.Qh3+ 1/2-1/2

[Event "20th EUR-ch"]
[Site "Skopje MKD"]
[Date "2019.03.28"]
[Round "10"]
[White "Sychev, Klementy"]
[Black "Alexeev, Evgeny"]
[Result "1/2-1/2"]
[WhiteElo "2545"]
[BlackElo "2640"]
[EventDate "2019.03.18"]
[Board "21"]
[PlyCount "43"]

1.e4 e5 2.Nf3 Nc6 3.Bb5 Nf6 4.O-O Nxe4 5.d4 Nd6 6.dxe5 Nxb5 7.a4 Nbd4 8.
Nxd4 d5 9.Nxc6 bxc6 10.Qf3 Be6 11.Nd2 c5 12.Rd1 Be7 13.Nf1 O-O 14.Ne3 d4 
15.Nf5 Bxf5 16.Qxf5 Qd5 17.Re1 c4 18.Qg4 Rfe8 19.Bf4 Bf8 20.Rad1 c5 21.c3 
Rad8 22.Bg5 1/2-1/2

[Event "20th EUR-ch"]
[Site "Skopje MKD"]
[Date "2019.03.28"]
[Round "10"]
[White "Yilmaz, Mustafa"]
[Black "Petrov, Nikita"]
[Result "0-1"]
[WhiteElo "2636"]
[BlackElo "2591"]
[EventDate "2019.03.18"]
[Board "22"]
[PlyCount "106"]

1.d4 Nf6 2.c4 e6 3.Nf3 Bb4+ 4.Nbd2 O-O 5.a3 Be7 6.g3 b6 7.Bg2 Bb7 8.O-O d5
9.Qc2 Nbd7 10.Rd1 Rc8 11.b4 c5 12.dxc5 bxc5 13.b5 d4 14.a4 Qc7 15.a5 e5 
16.Bb2 Ne8 17.Ne1 Nd6 18.e4 Bg5 19.Bc1 Bxd2 20.Bxd2 f5 21.exf5 Bxg2 22.
Nxg2 Rxf5 23.Re1 Qb7 24.Ra3 Rcf8 25.f4 e4 26.a6 Qa8 27.Ba5 Re8 28.Bc7 Rf6 
29.Nh4 e3 30.Bxd6 Rxd6 31.Qd3 Nf6 32.Ra2 Ne4 33.Ng2 Rde6 34.Rc2 Nd2 35.Nh4
Ne4 36.Ng2 g5 37.f5 Re5 38.Rf1 Nf6 39.Re2 Qe4 40.Ne1 Qg4 41.Ng2 Qh5 42.Ne1
Ne4 43.Ng2 Qf7 44.g4 h5 45.b6 axb6 46.Ra1 Nf2 47.Rxf2 exf2+ 48.Kxf2 hxg4 
49.a7 Qxf5+ 50.Qxf5 Rxf5+ 51.Kg3 Ra8 52.Kxg4 Rf7 53.Ra6 Rb7 0-1

[Event "20th EUR-ch"]
[Site "Skopje MKD"]
[Date "2019.03.28"]
[Round "10"]
[White "Huzman, Alexander"]
[Black "Hovhannisian, Robert"]
[Result "1/2-1/2"]
[WhiteElo "2582"]
[BlackElo "2634"]
[EventDate "2019.03.18"]
[Board "23"]
[PlyCount "132"]

1.d4 d5 2.c4 c6 3.Nf3 Nf6 4.e3 Bg4 5.h3 Bh5 6.Nc3 e6 7.g4 Bg6 8.Ne5 Nbd7 
9.Nxg6 hxg6 10.Bd2 g5 11.cxd5 exd5 12.Bd3 Bd6 13.Qf3 Qe7 14.h4 gxh4 15.g5 
Ne4 16.Nxe4 dxe4 17.Qxe4 Qxe4 18.Bxe4 O-O-O 19.g6 Rdf8 20.gxf7 Rxf7 21.Ke2
g5 22.Rag1 Be7 23.Rh3 Kc7 24.Bg6 Rf6 25.Bd3 Nf8 26.Rxg5 Rxf2+ 27.Kxf2 Bxg5
28.Bf5 Nd7 29.Kf3 c5 30.Bxd7 Kxd7 31.dxc5 Rf8+ 32.Kg4 Be7 33.Be1 Bxc5 34.
Bxh4 Ke6 35.b3 Ke5 36.Rf3 Rg8+ 37.Kh3 Ke4 38.Rf4+ Kd3 39.Rf7 b5 40.Rf5 Rc8
41.Bg5 a6 42.Kg4 Bxe3 43.Bxe3 Kxe3 44.Rf6 Ra8 45.Rd6 a5 46.Rd5 b4 47.Kf5 
Ra6 48.Ke5 Rh6 49.Rd1 Rh2 50.Kd5 Rc2 51.Kd6 Ke4 52.Kd7 Ke5 53.Rd3 Ke4 54.
Rd1 Rc5 55.Kd6 Rc8 56.Kd7 Rc2 57.Kd6 Ke3 58.Rd5 Rxa2 59.Kc6 Ke4 60.Rd1 a4 
61.bxa4 b3 62.Rb1 b2 63.a5 Kd3 64.Rxb2 Rxb2 65.a6 Ra2 66.Kb7 Rxa6 1/2-1/2

[Event "20th EUR-ch"]
[Site "Skopje MKD"]
[Date "2019.03.28"]
[Round "10"]
[White "Fridman, Daniel"]
[Black "Yuffa, Daniil"]
[Result "1-0"]
[WhiteElo "2633"]
[BlackElo "2582"]
[EventDate "2019.03.18"]
[Board "24"]
[PlyCount "129"]

1.d4 d5 2.c4 c6 3.Nf3 Nf6 4.e3 Bf5 5.Nc3 a6 6.Be2 h6 7.O-O e6 8.Bd3 Bxd3 
9.Qxd3 Bb4 10.Bd2 O-O 11.Rfd1 Ba5 12.Rab1 b5 13.cxd5 cxd5 14.b4 Bc7 15.
Rdc1 Nbd7 16.a4 bxa4 17.Nxa4 e5 18.dxe5 Nxe5 19.Nxe5 Bxe5 20.Nc5 Ne4 21.
Be1 Re8 22.f3 Nxc5 23.Rxc5 d4 24.e4 Rc8 25.Rbc1 Rxc5 26.Rxc5 Bf4 27.Bf2 
Qb8 28.g3 Bd6 29.Rd5 Bxb4 30.Qxa6 Bc3 31.Bxd4 Bxd4+ 32.Rxd4 Qb1+ 33.Qf1 
Qb6 34.Qf2 Rd8 35.Rxd8+ Qxd8 36.Qe2 Qd4+ 37.Kg2 h5 38.Qb5 g6 39.Qg5 Kg7 
40.e5 Qb6 41.Kh3 Qa6 42.Kh4 Qc6 43.Qf4 Qd5 44.Qf6+ Kh7 45.Kg5 Qc4 46.f4 
Qa2 47.Qd6 Kg7 48.Qe7 Qb3 49.Qf6+ Kh7 50.Qd6 Kg7 51.e6 Qxe6 52.Qxe6 fxe6 
53.h3 Kf7 54.Kh6 Kf6 55.g4 h4 56.g5+ Kf5 57.Kg7 Kxf4 58.Kxg6 e5 59.Kh5 e4 
60.g6 e3 61.g7 e2 62.g8=Q e1=Q 63.Qg5+ Kf3 64.Qg4+ Ke3 65.Qe6+ 1-0

[Event "20th EUR-ch"]
[Site "Skopje MKD"]
[Date "2019.03.28"]
[Round "10"]
[White "Rakhmanov, Alexander"]
[Black "Hracek, Zbynek"]
[Result "1-0"]
[WhiteElo "2629"]
[BlackElo "2578"]
[EventDate "2019.03.18"]
[Board "25"]
[PlyCount "53"]

1.c4 e6 2.Nf3 d5 3.e3 Nf6 4.b3 c5 5.Bb2 Nc6 6.cxd5 exd5 7.Be2 Bd6 8.Nc3 
O-O 9.d4 cxd4 10.Nxd4 Re8 11.Ncb5 Bb4+ 12.Bc3 Bxc3+ 13.Nxc3 Qa5 14.Qd2 Bg4
15.Bxg4 Nxg4 16.Nxc6 bxc6 17.Rc1 c5 18.Nd1 Qb6 19.Qxd5 Rad8 20.Qxc5 Qa6 
21.Qc4 Qd6 22.Qc2 Qa6 23.Qe2 Qa3 24.Rc3 Qd6 25.Rc1 Qa3 26.Rc2 Qd6 27.Qxg4 
1-0

[Event "20th EUR-ch"]
[Site "Skopje MKD"]
[Date "2019.03.28"]
[Round "10"]
[White "Pultinevicius, Paulius"]
[Black "Kobalia, Mikhail"]
[Result "1/2-1/2"]
[WhiteElo "2439"]
[BlackElo "2627"]
[EventDate "2019.03.18"]
[Board "26"]
[PlyCount "97"]

1.d4 d5 2.Nf3 Nf6 3.c4 c6 4.Nc3 a6 5.Qc2 g6 6.cxd5 cxd5 7.Bg5 Nc6 8.Bxf6 
exf6 9.e3 Be6 10.Be2 Bd6 11.O-O Rc8 12.Rfc1 f5 13.g3 g5 14.a3 h5 15.Bd3 f4
16.e4 Bg4 17.exd5 Bxf3 18.dxc6 Rxc6 19.Be4 Bxe4 20.Qxe4+ Kf8 21.d5 Rc7 22.
Qd4 Rh6 23.Ne4 fxg3 24.hxg3 h4 25.Rxc7 Qxc7 26.Nxd6 Qxd6 27.Rc1 hxg3 28.
Rc8+ Ke7 29.Qe3+ Kf6 30.Qc3+ Qe5 31.fxg3 Qxc3 32.bxc3 Ke5 33.Rc7 b5 34.
Rxf7 Kxd5 35.Rf5+ Kc4 36.Rxg5 Kb3 37.Rc5 Kxa3 38.Kf2 Kb3 39.g4 Rb6 40.g5 
Rb7 41.Ke3 a5 42.c4 bxc4 43.Rxa5 c3 44.Rc5 c2 45.Kd3 Rd7+ 46.Ke4 Rd1 47.
Rxc2 Kxc2 48.g6 Rg1 49.Kf5 1/2-1/2

[Event "20th EUR-ch"]
[Site "Skopje MKD"]
[Date "2019.03.28"]
[Round "10"]
[White "Onischuk, Volodymyr"]
[Black "Stupak, Kirill"]
[Result "1/2-1/2"]
[WhiteElo "2626"]
[BlackElo "2537"]
[EventDate "2019.03.18"]
[Board "27"]
[PlyCount "106"]

1.e4 e6 2.d4 d5 3.Nc3 Bb4 4.exd5 exd5 5.Bd3 Nf6 6.a3 Bxc3+ 7.bxc3 O-O 8.
Ne2 Nbd7 9.Be3 Nb6 10.O-O Nc4 11.Bf4 Nh5 12.Bc1 Re8 13.Ng3 Nf6 14.h3 Nd6 
15.Bf4 Be6 16.Re1 c6 17.f3 Nc4 18.Qb1 b6 19.Qc1 Nd7 20.Nh5 g6 21.Bg5 f6 
22.Bh4 Qe7 23.Qh6 Qf7 24.Re2 Nb2 25.Nf4 Nxd3 26.cxd3 Nf8 27.Rae1 Bd7 28.g4
Rxe2 29.Nxe2 Re8 30.Qd2 g5 31.Bg3 Ng6 32.Kf2 Qe7 33.f4 f5 34.fxg5 fxg4 35.
h4 Qf7+ 36.Kg1 Qf3 37.Kh2 Re3 38.h5 Ne7 39.Qxe3 Qxe3 40.Nf4 Qd2+ 41.Re2 
Qxc3 42.Rxe7 Bf5 43.h6 Kf8 44.Rxa7 Qd2+ 45.Kg1 Qe3+ 46.Kh2 Qd2+ 47.Kg1 
Qe3+ 48.Kh2 Bxd3 49.g6 Qd2+ 50.Kg1 Qc1+ 51.Kf2 Qd2+ 52.Kg1 Qd1+ 53.Kh2 
Qd2+ 1/2-1/2

[Event "20th EUR-ch"]
[Site "Skopje MKD"]
[Date "2019.03.28"]
[Round "10"]
[White "Sarana, Alexei"]
[Black "Demidov, Mikhail"]
[Result "1/2-1/2"]
[WhiteElo "2625"]
[BlackElo "2520"]
[EventDate "2019.03.18"]
[Board "28"]
[PlyCount "116"]

1.d4 g6 2.c4 Bg7 3.Nc3 d6 4.Nf3 c5 5.d5 Bxc3+ 6.bxc3 f5 7.Qc2 Nf6 8.Bh6 e5
9.dxe6 Bxe6 10.Rd1 Nc6 11.Bf4 Ne4 12.Nd2 Nxd2 13.Qxd2 Qf6 14.Bg5 Qf7 15.
Qxd6 h6 16.Bd2 Bxc4 17.Qxc5 O-O-O 18.h4 Rd7 19.Bf4 Rxd1+ 20.Kxd1 Qe6 21.
Qe3 Rd8+ 22.Ke1 Qxe3 23.Bxe3 Bxa2 24.Rh3 Bb3 25.Bd2 a5 26.Rd3 h5 27.Rxd8+ 
Kxd8 28.e3 Ne5 29.c4 a4 30.Bc3 Nxc4 31.Bxc4 Bxc4 32.Kd2 Kd7 33.g3 Kc6 34.
Bb4 Kd5 35.Kc3 Be2 36.Bf8 Ke4 37.Kb4 b5 38.Bc5 Kf3 39.Bd6 Bc4 40.Bf4 Kxf2 
41.Ka3 Kf3 42.Kb4 Ke4 43.Bg5 Bf7 44.Bf4 Kd3 45.Bg5 Kc2 46.Bf6 Kb1 47.Ka3 
Be8 48.Bg5 Kc2 49.Kb4 Bd7 50.Bf6 Kd3 51.Bg5 Bc6 52.Bf4 Bd5 53.Bg5 Kc2 54.
Bf6 f4 55.exf4 Bc4 56.f5 gxf5 57.Be5 Be2 58.Bf6 Bc4 1/2-1/2

[Event "20th EUR-ch"]
[Site "Skopje MKD"]
[Date "2019.03.28"]
[Round "10"]
[White "Blubaum, Matthias"]
[Black "Dragnev, Valentin"]
[Result "1-0"]
[WhiteElo "2616"]
[BlackElo "2511"]
[EventDate "2019.03.18"]
[Board "29"]
[PlyCount "81"]

1.d4 Nf6 2.c4 e6 3.Nc3 Bb4 4.e3 O-O 5.Bd2 d5 6.Nf3 b6 7.cxd5 exd5 8.Rc1 
Re8 9.Ne5 Bb7 10.Bd3 Bf8 11.O-O c5 12.f4 Nc6 13.Bb5 Qd6 14.Be1 a6 15.Ba4 
c4 16.Bc2 g6 17.Bh4 Bg7 18.Qf3 Rad8 19.g4 Rf8 20.Bg3 Ne8 21.h4 f5 22.gxf5 
gxf5 23.h5 Qe6 24.Rf2 Nf6 25.Bh4 Rd6 26.Bxf6 Bxf6 27.Rg2+ Kh8 28.Ne2 Ne7 
29.Qh3 Rg8 30.Ng3 Bxe5 31.fxe5 Rdd8 32.Qh4 Rdf8 33.Rf1 Bc8 34.Rff2 h6 35.
Ne2 Qf7 36.Kf1 Be6 37.Nf4 b5 38.Rxg8+ Kxg8 39.Rg2+ Kh7 40.Ng6 Re8 41.Nxe7 
1-0